It looks like you're offline.
Open Library logo
additional options menu

MARC record from Internet Archive

LEADER: 01815cam 2200565Ma 4500
001 ocn720518121
003 OCoLC
005 20180717015344.0
008 101103s2011 enk 000 f eng d
040 $aUNITY$beng$cUNITY$dUKMGB$dOCLCQ$dOCLCO$dOCLCA$dOCLCQ$dOCLCO$dOCLCQ$dOCLCF$dOCLCO$dOCLCA
015 $aGBB0D4387$2bnb
016 7 $a015691307$2Uk
020 $a9781847396266$q(pbk.)
020 $a1847396267$q(pbk.)
035 $a(OCoLC)720518121
082 04 $a823.92
100 1 $aCostello, Jane,$d1974-
245 10 $aUntitled /$cby Jane Costello.
260 $aLondon :$bSimon & Schuster,$c2011.
300 $a1 volume ;$c20 cm
336 $atext$btxt$2rdacontent
337 $aunmediated$bn$2rdamedia
338 $avolume$bnc$2rdacarrier
650 0 $aRunning for women$vFiction.
650 0 $aReducing exercises$vFiction.
650 0 $aYoung women$vFiction.
650 0 $aLife change events$vFiction.
650 7 $aLife change events.$2fast$0(OCoLC)fst00998231
650 7 $aReducing exercises.$2fast$0(OCoLC)fst01092303
650 7 $aRunning for women.$2fast$0(OCoLC)fst01101375
650 7 $aYoung women.$2fast$0(OCoLC)fst01183301
655 0 $aChick lit.
655 7 $aChick lit.$2fast$0(OCoLC)fst01750221
655 7 $aFiction.$2fast$0(OCoLC)fst01423787
029 0 $aUNITY$b122805593
029 1 $aAU@$b000046949436
029 1 $aNOK$b1847396267
029 1 $aNZ1$b13665839
029 1 $aUKBCI$b122805593
029 1 $aUKBNS$b122805593
029 1 $aUKBOR$b122805593
029 1 $aUKDEL$b122805593
029 1 $aUKDON$b1847396267
029 1 $aUKDOR$b122805593
029 1 $aUKPMH$b122805593
029 1 $aUKSCO$b122805593
029 1 $aUKSGC$b122805593
029 1 $aUKSOM$b122805593
994 $aZ0$bP4A
948 $hNO HOLDINGS IN P4A - 104 OTHER HOLDINGS